Participación comunitaria en la identificación y solución de sus necesidades ante la junta administradora local del municipio de Yopal (Registro nro. 79053)

Detalles MARC
000 -CABECERA
campo de control de longitud fija 00789nam a2200205Ia 4500
001 - NÚMERO DE CONTROL
campo de control 79053
003 - IDENTIFICADOR DEL NÚMERO DE CONTROL
campo de control 155085
005 - FECHA Y HORA DE LA ÚLTIMA TRANSACCIÓN
campo de control 20250928062549.0
008 - DATOS DE LONGITUD FIJA--INFORMACIÓN GENERAL
campo de control de longitud fija ||||||n9999 ||| || ||
245 #0 - MENCIÓN DE TÍTULO
Título Participación comunitaria en la identificación y solución de sus necesidades ante la junta administradora local del municipio de Yopal
562 ## - NOTA DE IDENTIFICACIÓN DE LA COPIA Y VERSIÓN
Número de copias 1
650 #0 - PUNTO DE ACCESO ADICIONAL DE MATERIA--TÉRMINO DE MATERIA
Término de materia o nombre geográfico como elemento de entrada Administración local
9 (RLIN) 4341
650 ## - PUNTO DE ACCESO ADICIONAL DE MATERIA--TÉRMINO DE MATERIA
Término de materia o nombre geográfico como elemento de entrada ESPECIALIZACIÓN EN GESTIÓN PÚBLICA--TESIS Y DISERTACIONES ACADÉMICAS
9 (RLIN) 11969
650 ## - PUNTO DE ACCESO ADICIONAL DE MATERIA--TÉRMINO DE MATERIA
Término de materia o nombre geográfico como elemento de entrada GESTION SOCIAL
9 (RLIN) 83496
650 #0 - PUNTO DE ACCESO ADICIONAL DE MATERIA--TÉRMINO DE MATERIA
Término de materia o nombre geográfico como elemento de entrada Juntas Administradoras Locales
9 (RLIN) 12022
650 ## - PUNTO DE ACCESO ADICIONAL DE MATERIA--TÉRMINO DE MATERIA
Término de materia o nombre geográfico como elemento de entrada PARTICIPACIÓN COMUNITARIA--PUPIALES (NARIÑO, COLOMBIA)
9 (RLIN) 12611
650 ## - PUNTO DE ACCESO ADICIONAL DE MATERIA--TÉRMINO DE MATERIA
Término de materia o nombre geográfico como elemento de entrada TESIS Y DISERTACIONES ACADÉMICAS
9 (RLIN) 100509
650 ## - PUNTO DE ACCESO ADICIONAL DE MATERIA--TÉRMINO DE MATERIA
Término de materia o nombre geográfico como elemento de entrada YOPAL, CASANARE (COLOMBIA)
9 (RLIN) 37970
942 ## - ELEMENTOS DE PUNTO DE ACCESO ADICIONAL (KOHA)
Tipo de ítem Koha Tesis
Existencias
Estado de retiro Estado de pérdida Estado dañado No para préstamo Código de colección Localización permanente Ubicación/localización actual Coste, precio normal de compra Total de préstamos Signatura topográfica completa Código de barras Número de copia Tipo de ítem Koha
        Trabajos de Grado Tunja - Sede Boyacá-Casanare Tunja - Sede Boyacá-Casanare 0.00   BOY001 1999 BOY1509 1 Tesis